000 00957nam a22002297a 4500
005 20240305165527.0
007 cr|||| ||||
008 190801s2018 co |||||s|||| 00||0 spa d
020 _a978-958-12-0457-1
035 _a23895
040 _avLex
090 _c9099
_d9099
245 0 0 _aEncrucijadas del derecho de autor
_h[Recurso electrónico] /
256 _aServicio en línea
260 _aBogotá:
_bUniversidad de La Sabana,
_c2018
300 _a1 recurso electrónico
506 1 _aDisponible solo en los productos indicados
_dvLex Global
_dvLex Global (Academic Edition, excluding Law Schools)
_dvLex Global (U.S. Academic Edition, Law Schools)
_dvLex Global (U.S. Academic Edition, excluding Law Schools)
_dvLex Global (Academic Edition, Law Schools)
650 0 4 _aPropiedad Intelectual
_zColombia
740 0 _avLex Libros (Servicio en línea)
856 4 0 _uhttps://app.vlex.com/#/sources/encrucijadas-derecho-autor-23895
942 _cRAA
999 _c167336
_d167336